The Offspring: Albums by Cover - Statistics

General Stats
  • This quiz has been taken 136 times
  • The average score is 9 of 11
Answer Stats
Picture Hint Answer % Correct
1998 Americana
95%
1994 Smash
92%
2024 Supercharged
83%
1997 Ixnay on the Hombre
81%
1989 The Offspring
81%
2021 Let the Bad Times Roll
79%
2000 Conspiracy of One
78%
2008 Rise and Fall, Rage and Grace
78%
1992 Ignition
76%
2003 Splinter
76%
2012 Days Go By
73%
No matching quizzes found
Score Distribution
Percent of People with Each Score
Percentile by Number Answered
Your Score History
You have not taken this quiz